LEADER 01110cam0-22003851i-450- 001 990007203730403321 005 20100316090704.0 010 $a88-14-05043-0 035 $a000720373 035 $aFED01000720373 035 $a(Aleph)000720373FED01 035 $a000720373 100 $a20021021d1994----km-y0itay50------ba 101 0 $aita 102 $aIT 105 $ay-------001yy 200 1 $a<>equa retribuzione nella costituzione e nella giurisprudenza$fLoris Bonaretti$gpresentazione di Guido Zangari 210 $aMilano$cGiuffrè$d1994 215 $aXXIV, 859 p.$d24 cm 300 $aSegue: Appendice 676 $a344 676 $a344.0121 700 1$aBonaretti,$bLoris$0229874 702 1$aZangari,$bGuido$f<1932-2008> 801 0$aIT$bUNINA$gRICA$2UNIMARC 901 $aBK 912 $a990007203730403321 952 $aA-X-66$b6763dip.$fDDRC 952 $aVII Z 142$b27057*$fFGBC 952 $aDPR 29-498$b14182$fDEC 959 $aDDRC 959 $aFGBC 959 $aDEC 996 $aEqua retribuzione nella Costituzione e nella giurisprudenza$966444 997 $aUNINA LEADER 02108nam 2200589Ia 450 001 9910456045303321 005 20200520144314.0 010 $a1-280-19157-0 010 $a9786610191574 010 $a0-309-59055-8 010 $a0-585-03945-3 035 $a(CKB)110986584752046 035 $a(OCoLC)70772460 035 $a(CaPaEBR)ebrary10055153 035 $a(SSID)ssj0000260720 035 $a(PQKBManifestationID)11237969 035 $a(PQKBTitleCode)TC0000260720 035 $a(PQKBWorkID)10224086 035 $a(PQKB)11086940 035 $a(MiAaPQ)EBC3376159 035 $a(Au-PeEL)EBL3376159 035 $a(CaPaEBR)ebr10055153 035 $a(CaONFJC)MIL19157 035 $a(OCoLC)923261618 035 $a(EXLCZ)99110986584752046 100 $a19970609d1997 uy 0 101 0 $aeng 135 $aurcn||||||||| 181 $ctxt 182 $cc 183 $acr 200 00$aToxicologic assessment of the Army's zinc cadmium sulfide dispersion tests$b[electronic resource] /$fSubcommittee on Zinc Cadmium Sulfide, Committee on Toxicology, Board on Environmental Studies and Toxicology, Commission on Life Sciences, National Research Council 210 $aWashington, D.C. $cNational Academy Press$d1997 215 $a1 online resource (386 p.) 300 $a"...supported by contract DAMD 17-89-C-9086 between the National Academy of Sciences and the U.S. Army." 311 $a0-309-05783-3 320 $aIncludes bibliographical references. 606 $aBiological weapons$zUnited States$xTesting 606 $aZinc cadmium sulfide$xPhysiological effect 606 $aCadmium compounds$xToxicity testing 608 $aElectronic books. 615 0$aBiological weapons$xTesting. 615 0$aZinc cadmium sulfide$xPhysiological effect. 615 0$aCadmium compounds$xToxicity testing. 676 $a615.9/1 801 0$bMiAaPQ 801 1$bMiAaPQ 801 2$bMiAaPQ 906 $aBOOK 912 $a9910456045303321 996 $aToxicologic assessment of the Army's zinc cadmium sulfide dispersion tests$91947070 997 $aUNINA